| 000 | 00403nam a2200121Ia 4500 | ||
|---|---|---|---|
| 008 | 220216s9999 xx 000 0 und d | ||
| 100 | _aCotten G R | ||
| 245 | 0 | _aMixing of carbon black with rubber V. Analysis of SBR/BR blends | |
| 260 | _bRubbercon 87: Proceedings of the International Rubber Conference, U.K, 1987, Group A, p23A. 1-11 | ||
| 650 | _aCarbon black | ||
| 700 | _aMurphy L J | ||
| 942 | _cJS | ||
| 999 |
_c63018 _d63018 |
||